| 000 | 00530nam a2200193Ia 4500 | ||
|---|---|---|---|
| 999 |
_c14831 _d14831 |
||
| 003 | OSt | ||
| 005 | 20201020125220.0 | ||
| 008 | 190216s9999||||xx |||||||||||||| ||und|| | ||
| 020 | _a9788189534189 | ||
| 040 | _coclc | ||
| 082 |
_a158.1 _bKAL/Y |
||
| 100 |
_aKalam, A P J Abdul _92031 |
||
| 245 | 0 |
_aYou Are Unique / _cA P J Abdul Kalam |
|
| 250 | _a2nd Edi. | ||
| 260 |
_bPunya Publishing , _c2013. _aBangalore: |
||
| 300 | _a172p | ||
| 650 | _aEnglish | ||
| 942 |
_cBK _2ddc _h158.1 _iKAL/Y _k158.1 _mKAL/Y |
||